Simposio internacional de alta producción de maíz.

Guardado en:
Autor Corporativo: Simposio internacional de alta producción de maíz Bahía Blanca)
Formato: Libro
Idioma:Spanish
Publicado: Bahía Blanca : Universidad Nacional del Sur, Departamento de Agronomía, 1991.
Etiquetas: Agregar Etiqueta
Sin Etiquetas, Sea el primero en etiquetar este registro!
LEADER 00752nam a22001695a 4500
001 EEA.libagro004653
005 20181106103837.0
008 130809s1991####ag#a##########100#0#spa#d
082 0 4 |a 633.15 
111 2 |a Simposio internacional de alta producción de maíz  |d (1991 :  |c Bahía Blanca) 
245 1 0 |a Simposio internacional de alta producción de maíz. 
260 |a Bahía Blanca :  |b Universidad Nacional del Sur, Departamento de Agronomía,  |c 1991. 
300 |a 154 p. :  |b tabls., gráfs. ;  |c 28 cm. 
500 |a Organización de: Nutriente, Pioneer. 
859 |a AR-BbBCA  |b BIB. AGRONOMIA  |h 633.15  |i S612 1991  |p 1993/1898 
859 |a AR-BbBCA  |b BIB. AGRONOMIA  |h 633.15  |i S612 1991  |p 1993/1900  |t Ej.2 
859 |a AR-BbBCA  |b BIB. AGRONOMIA  |h 633.15  |i S612 1991  |p 1993/1901  |t Ej.3